000 00694cam a22002171 4500
001 sa 68019927
003 DLC
005 20260227112721.0
008 750313s1968 xx 000 0 ind
010 _asa 68019927
035 _a(OCoLC)1214148
040 _aDLC
_cOAU
_dDLC
042 _apremarc
050 0 0 _aHE563.I6
_bA535
110 1 _aIndonesia.
_bDepartemen Maritim.
245 1 0 _aPokok² persoalan dibidang maritim dalam rangka koordinasi,
_brehabilitasi dan stabilisasi ekonomi daerah Kalimantan.
260 _a[Djakarta,
_c1968]
300 _a[75] l.
_c34 cm.
650 0 _aShipping
_zIndonesia
_zKalimantan Tengah.
651 0 _aKalimantan Tengah (Indonesia)
_xEconomic conditions.
999 _c89151
_d89151